000
00332nam a22001457a 4500
003
SGT
082
_a
617.645
_b
C17N
100
_a
Nebhnani, Komal
245
_a
Caries risk assessment
260
_a
Gurugram, Haryana
_b
SGT University
_c
2017
300
_a
64
650
_a
Pediatric Dentistry
653
_a
Caries
942
_2
ddc
_c
TH
999
_c
25601
_d
25601